International business
Αποθηκεύτηκε σε:
| Άλλοι συγγραφείς: | , |
|---|---|
| Μορφή: | Βιβλίο |
| Γλώσσα: | English |
| Δημοσίευση: |
North Carolina :
Eno River ,
1985
|
| Σειρά: | Business administration reading lists and cource outlines ;
; 4 |
| Θέματα: | |
| Ετικέτες: |
Προσθήκη ετικέτας
Δεν υπάρχουν, Καταχωρήστε ετικέτα πρώτοι!
|
MARC
| LEADER | 00000nam a2200000 i 4500 | ||
|---|---|---|---|
| 001 | 1/1337 | ||
| 008 | 950710s1985 eng d | ||
| 020 | |a 0-88024-104-7 | ||
| 035 | |l 10014403 | ||
| 040 | |a GR-MY-UA |b gre |e aacr | ||
| 041 | 0 | |a eng | |
| 082 | 0 | |a 338.88 | |
| 245 | 1 | 0 | |a International business / |c compiled by James W. Dean and Richard Schwindt |
| 260 | |a North Carolina : |b Eno River , |c 1985 | ||
| 300 | |a 145 p. | ||
| 490 | 1 | |a Business administration reading lists and cource outlines |v ; 4 | |
| 650 | 0 | 0 | |a Business education |x Curricula. |
| 650 | 0 | 0 | |a International business enterprises. |
| 700 | 1 | |a Dean, James W. |4 com | |
| 700 | 1 | |a Schwindt, Richard. |4 com | |
| 830 | 0 | |a Business administration reading lists and cource outlines ; |v ; 4 | |
| 852 | |a INST |b LESVOS |e 19950710 |h 338.88 INT |p 005100007845 |q 005100007845 |t BK |y 620 | ||
| 909 | |a Λ |b 007411 | ||
| 922 | |a 1ΕΛΗ |b 198702 |c ΠΠ/825/9 |d GLORY | ||
| 970 | |z 2000/06/ΟΙΚΟΝΟΜΟΠΟΥΛΟΥ ΧΡΙΣΤΙΝΑ | ||